00767nam a22002297a 450000500170000001000130001702000230003003500130005303700160006604000120008208200160009410000280011024500450013826000330018327000420021630000250025865000320028365000290031594200250034499900190036995201490038820170124105919.0 aA-935490 c225.00a8187100044 aA-935490 bCen Lib/Ret aDPLbEN a306.81bSRI aSrivastava, H. S.93723 aManaging marriage /cby H. S. Srivastava aNew DelhibOcean Booksc1998 a4/19 Asaf Ali RoadbNew Delhie110002 axiii,144p.c21cm(Hb) a Law-Indian marriage 93724 aMarriage Tradition93725 2ddccENh306.81mSRI c123027d123027 04104070aLbLd2015-06-01eCen Lib/Retg225.00l0o306.81 SRIpA-935490r2015-06-01 00:00:00t1v225.00w2015-06-01yENzW/d list no. 6813/11